| 000 | 00508nam a2200169 i 4500 | ||
|---|---|---|---|
| 001 | 147928 | ||
| 003 | ES-MaACL | ||
| 005 | 20230906202335.0 | ||
| 007 | t| | ||
| 008 | 071008s1968 sp ||||1| spa d | ||
| 100 | 1 |
_aUrcuyo Rodríguez, Vicente. _9112105 |
|
| 245 | 1 | 0 |
_aVivencias y recuerdos / _cVicente Urcuyo Rodríguez. |
| 260 |
_aAvila : _bL. Nieto Jiménez, _c1968. |
||
| 300 |
_a324 p., 2 h. con 9 lám. ; _c22 cm. |
||
| 852 |
_aES-MaACL _jC-35561 _bR.67023 |
||
| 852 |
_aES-MaACL _jC-37160 _bR.66846 |
||
| 999 |
_c147928 _d147928 |
||